Dom smútku, Pezinok

Enregistré dans:
Détails bibliographiques
Auteur principal: Kosturková, Michaela (Auteur)
Autres auteurs: Šíp, Lukáš (Directeur de thèse)
Format: Manuscrit Livre
Langue:slovaque
Publié: Bratislava 2023
Sujets:
Accès en ligne:http://is.stuba.sk/zp/portal_zp.pl?podrobnosti=155719
Tags: Ajouter un tag
Pas de tags, Soyez le premier à ajouter un tag!

MARC

LEADER 00000ntm a22000003a 4500
001 stuzp93478
003 SK-STU
005 20231004085552.8
007 ta
008 150427s2015----xo-----f-mn---000-0-slo-d
040 |a STU  |b slo 
041 0 |a slo 
100 1 |a Kosturková, Michaela  |u 052120  |4 aut  |U FAD Fakulta architektúry a dizajnu  |T FAD Ústav ekologickej a experimentálnej architektúry  |X 103649  |U A2120  |Y 393  |7 103649 
242 0 1 |a Funeral Hall, Pezinok  |y eng 
245 1 0 |a Dom smútku, Pezinok 
260 |c 2023  |a Bratislava 
650 4 |a obradná sála  |2 slo 
650 4 |a cintorín  |2 slo 
650 4 |a dom smútku  |2 slo 
650 4 |a posledná rozlúčka  |2 slo 
650 4 |a Funeral hall  |2 eng 
650 4 |a ceremonial hall  |2 eng 
650 4 |a cemetery  |2 eng 
650 4 |a final farewell  |2 eng 
700 1 |a Šíp, Lukáš  |u 052120  |k Z1  |4 ths  |U FAD Fakulta architektúry a dizajnu  |T FAD Ústav ekologickej a experimentálnej architektúry  |X 29145  |U A2120  |Y 393  |7 A000029145 
856 4 |u http://is.stuba.sk/zp/portal_zp.pl?podrobnosti=155719  |u https://opac.crzp.sk/?fn=detailBiblioForm&sid=2D2C61E4341E53665264103BFA9A